Gramática para los españoles que desean aprender la lengua francesa (Registro nro. 171821)

Detalles MARC
000 -ENCABEZADO
Número de control [NR] 02454nam a22002537a 4500
005 - FECHA Y HORA DE LA ÚLTIMA TRANSACCIÓN
control field 20140903174915.0
008 - DE LONGITUD FIJA DE DATOS DE ELEMENTOS - INFORMACIÓN GENERAL
Elementos de longitud fija [NR] 130724s1847 fr ||||fr|||| 001 0 spa d
040 ## - FUENTE DE CATALOGACION [NR]
Quien Cataloga Sandra Yazo
Quien Clasifica Sandra Yazo
041 0# - CODIGO DE IDIOMA [R]
Código de idioma para texto/pista de sonido o título separado [R] Español
082 04 - NUMERO DE CLASIFICACION DECIMAL DEWEY [R]
Número de la edición [NR] 20
Número de clasificación [R] 445
092 ## - SIGNATURA TOPOGRAFICA LOCAL
Número de clasificación local E28N019
100 1# - ASIENTO PRINCIPAL--NOMBRE PERSONAL [NR]
Nombre personal [NR] Salvá y Pérez, Vicente
Fechas asociadas con el nombre [NR] 1780-1849
ID Autoridad 41232
245 10 - MENCION DE TITULO [NR]
Título [NR] Gramática para los españoles que desean aprender la lengua francesa
Parte restante del título [NR] sin olvidar la propiedad y el giro de la suya
Mención de responsabilidad, etc. [NR] por don Vicente Salvá
260 ## - PUBLICACION, DISTRIBUCION, ETC. (PIE DE IMPRENTA) [R]
Lugar de publicación, distribución, etc. [R] París
Nombre del editor, distribuidor, etc. [R] Librería de Don Vicente Salvá
Fecha de publicación, distribución, etc. [R] 1847
300 ## - DESCRIPCION FISICA [R]
Extensión [R] xi, 233, [2] p.
Dimensiones [R] 18 x 11 cm.
500 ## - NOTA GENERAL [R]
Nota general [NR] Detalles físicos: Encuadernación rígida en cartón forrado en piel. Lomo con adornos repujados y dorados. Tapas repujadas y un recuadro en dorado. Guardas en papel de agua. Anteportada. Portada impresa en una tinta con una ilustración. Texto en una y dos columnas. Algunas anotaciones al pie de página. Papel manchado. Cotes pintados. En la anteportada una anotación. Portada con una firma y un sello de tinta. En la página 333 una firma.
505 2# - NOTA DE CONTENIDO CON FORMATO PREESTABLECIDO [R]
Nota de contenido con formato preestablecido [NR] De la gramática y su división. ; Ortografía y prosodia. ; Reglas generales de pronunciación. ; Reglas particulares de cada letra y diptongos. ; De las vocales. ; De los diptongos, triptongos y otros grupos de vocales. ; De las consonantes – Analogía y lexicología: Del nombre sustantivo. ; Del nombre adjetivos. ; De los aumentativos y diminutivos. ; De los comparativos y superlativos. ; De los participios. ; De los artículos. ; Del pronombre. ; De los nombres que significan número. ; Reglas para adaptar á la lengua francesa las palabras de la nuestra en que ambas se aparecen. ; Del verbo. ; Conjugación de los regulares. ; Conjugación de los verbos Avior y ètre. ; Conjugación de la voz pasiva. ; Conjugación de los verbos con negación y en las oraciones de pregunta. ; De los verbos irregulares. ; De la formación de los tiempos. ; De los verbos defectivos. , De los verbos impersonales ...
506 ## - NOTA DE RESTRICCIONES DE ACCESO [R]
Condiciones de acceso [NR] Consulta en sala
650 #7 - ASIENTO SECUNDARIO DE MATERIA - TERMINO TEMATICO [R]
9 (RLIN) 16520
Término temático o nombre geográfico como elemento de entrada [NR] Gramática francesa
Subdivisión general [R] Libros de texto
650 #7 - ASIENTO SECUNDARIO DE MATERIA - TERMINO TEMATICO [R]
9 (RLIN) 32508
Término temático o nombre geográfico como elemento de entrada [NR] Francés
Subdivisión general [R] Enseñanza
690 ## - ASUNTO AGREGADO LOCAL DE ENTRADA - TÉRMINO TEMÁTICO (OCLC, RLIN)
Acceso temático local Linguistica
856 4# - LOCALIZACION Y ACCESO ELECTRONICOS [R]
Identificador Uniforme del Recurso (“URI”) [R] <a href="http://books.google.com.co/books?id=F44-AAAAYAAJ&printsec=frontcover&dq=Gramatica+para+los+espa%C3%B1oles&hl=es&sa=X&ei=_CnwUZe8Kpjb4AOgt4GADw&ved=0CDgQ6AEwAg#v=onepage&q=Gramatica%20para%20los%20espa%C3%B1oles&f=false">http://books.google.com.co/books?id=F44-AAAAYAAJ&printsec=frontcover&dq=Gramatica+para+los+espa%C3%B1oles&hl=es&sa=X&ei=_CnwUZe8Kpjb4AOgt4GADw&ved=0CDgQ6AEwAg#v=onepage&q=Gramatica%20para%20los%20espa%C3%B1oles&f=false</a>
Nota dirigida al público [R] Disponible en línea
942 ## - ELEMENTOS DE ENTRADA AGREGADOS (KOHA)
Tipo de ítem principal el descrito en 300a Libro
Edición 1
Sistema de clasificación DEWEY
Clasificación 445
Existencias
Suprimido Perdido Sistema de clasificación Dañado No prestable Tipo de ítem específico Ubicación habitual Ubicación actual Localización Fecha de creación Forma de adquisición Costo Total préstamos Signatura topográfica Código de barras Última vez visto Ejemplar Price effective from Tipo de ítem
    LOCAL     Libro archivo Archivo Histórico Archivo Histórico Archivo histórico 24/07/2013 Donación 0.00   E28N019 L003991 24/07/2013 Ej.1 24/07/2013 Libro